000 00593nam a2200217Ia 4500
005 20220901152143.0
008 210716s2005 xx 000 0 und d
020 _a8183181902
040 _cAIMIT LIBRARY
041 _aeng
082 _a574.87
_21
_bPOWC
100 _aPower, C B.
_956397
245 _aCell biology /
_cBy C B Power.
250 _a1st ed.
260 _aMumbai :
_bHimalaya Publishing House ,
_c2005.
300 _axv, 782p. ;
_c21.5 cm.
650 _aProteins
_956398
650 _aLipids
_956399
650 _aThe nucleus
_956400
942 _2ddc
_cBK
_e1st
_k574.87 POWC
999 _c187021
_d187021